Statistics for Fastest Growing Cities with a Map

Click here to take the quiz!

General Stats

  • This quiz has been taken 67 times
  • The average score is 12 of 16

Answers on the Map

Answers color-coded by a green-red scale on the quiz's map according to % correct below.
 

Answer Stats

Growth Rate (%)City% Correct
6Dubai
98%
4Kinshasa
93%
4.3Riyadh
93%
4.2Dar es Salaam
84%
4Kampala
84%
5Muscat
84%
5Abuja
82%
4.2Bamako
75%
4Yaounde
75%
4.3Lusaka
73%
4Ndjamena
71%
4Ouagadougou
71%
4Kigali
70%
4.1Nouakchott
70%
4Surat
63%
4Lubumbashi
50%

Score Distribution

Percentile by Number Answered

Percent of People with Each Score

Your Score History

You have not taken this quiz